000
00222nam a22000857a 4500
008
240723b |||||||| |||| 00| 0 eng d
100
_a
Bond Ruskin
245
_a
The Horror Omnibus
260
_a
New Delhi
_b
Rupa Publications
_c
2022
999
_c
12606
_d
12606